Statistics for All Leicester City Premier League Players Ever

Click here to take the quiz!

General Stats

  • This quiz has been taken 26 times
  • The average score is 200 of 453

Answer Stats

% Correct
2018/19AustriaChristian Fuchs3
100%
2019/20AustriaChristian Fuchs11
100%
2017/18AustriaChristian Fuchs25
100%
2020/21AustriaChristian Fuchs9
100%
2015/16AustriaChristian Fuchs32
100%
2016/17AustriaChristian Fuchs36
100%
2021/22EnglandJamie Vardy25
100%
2019/20EnglandJamie Vardy35
100%
2017/18EnglandJamie Vardy37
100%
2014/15EnglandJamie Vardy34
100%
2015/16EnglandJamie Vardy36
100%
2022/23EnglandJamie Vardy37
100%
2018/19EnglandJamie Vardy34
100%
2016/17EnglandJamie Vardy35
100%
2020/21EnglandJamie Vardy34
100%
2015/16AlgeriaRiyad Mahrez37
100%
2014/15AlgeriaRiyad Mahrez30
100%
2016/17AlgeriaRiyad Mahrez36
100%
2017/18AlgeriaRiyad Mahrez36
100%
2015/16JapanShinji Okazaki36
100%
2018/19JapanShinji Okazaki21
100%
2016/17JapanShinji Okazaki30
100%
2017/18JapanShinji Okazaki27
100%
2017/18JamaicaWes Morgan32
100%
2020/21JamaicaWes Morgan3
100%
2018/19JamaicaWes Morgan22
100%
2016/17JamaicaWes Morgan27
100%
2019/20JamaicaWes Morgan11
100%
2015/16JamaicaWes Morgan38
100%
2014/15JamaicaWes Morgan37
100%
2019/20BelgiumYouri Tielemans37
100%
2022/23BelgiumYouri Tielemans31
100%
2020/21BelgiumYouri Tielemans38
100%
2018/19BelgiumYouri Tielemans13
100%
2021/22BelgiumYouri Tielemans32
100%
2020/21DenmarkKasper Schmeichel38
95%
2017/18DenmarkKasper Schmeichel33
95%
2019/20DenmarkKasper Schmeichel38
95%
2016/17DenmarkKasper Schmeichel30
95%
2021/22DenmarkKasper Schmeichel37
95%
2015/16DenmarkKasper Schmeichel38
95%
2014/15DenmarkKasper Schmeichel24
95%
2018/19DenmarkKasper Schmeichel38
95%
2018/19NigeriaKelechi Iheanacho30
95%
2022/23NigeriaKelechi Iheanacho28
95%
2021/22NigeriaKelechi Iheanacho26
95%
2019/20NigeriaKelechi Iheanacho20
95%
2020/21NigeriaKelechi Iheanacho25
95%
2017/18NigeriaKelechi Iheanacho21
95%
2015/16FranceN'Golo Kante37
95%
2015/16GermanyRobert Huth35
95%
2016/17GermanyRobert Huth33
95%
2014/15GermanyRobert Huth14
95%
2021/22NigeriaWilfred Ndidi19
95%
2016/17NigeriaWilfred Ndidi17
95%
2018/19NigeriaWilfred Ndidi38
95%
2017/18NigeriaWilfred Ndidi33
95%
2020/21NigeriaWilfred Ndidi26
95%
2019/20NigeriaWilfred Ndidi32
95%
2022/23NigeriaWilfred Ndidi27
95%
2016/17EnglandDanny Simpson35
90%
2018/19EnglandDanny Simpson6
90%
2015/16EnglandDanny Simpson30
90%
2014/15EnglandDanny Simpson14
90%
2017/18EnglandDanny Simpson28
90%
2021/22Northern IrelandJonny Evans18
90%
2022/23Northern IrelandJonny Evans13
90%
2018/19Northern IrelandJonny Evans24
90%
2020/21Northern IrelandJonny Evans28
90%
2019/20Northern IrelandJonny Evans38
90%
2021/22EnglandMarc Albrighton17
90%
2019/20EnglandMarc Albrighton20
90%
2015/16EnglandMarc Albrighton38
90%
2018/19EnglandMarc Albrighton27
90%
2014/15EnglandMarc Albrighton18
90%
2022/23EnglandMarc Albrighton6
90%
2017/18EnglandMarc Albrighton34
90%
2020/21EnglandMarc Albrighton31
90%
2016/17EnglandMarc Albrighton33
90%
2022/23ZambiaPatson Daka30
90%
2021/22ZambiaPatson Daka23
90%
2020/21TurkeyCaglar Soyuncu23
85%
2018/19TurkeyCaglar Soyuncu6
85%
2019/20TurkeyCaglar Soyuncu34
85%
2021/22TurkeyCaglar Soyuncu28
85%
2022/23TurkeyCaglar Soyuncu7
85%
2021/22GhanaDaniel Amartey28
85%
2022/23GhanaDaniel Amartey20
85%
2017/18GhanaDaniel Amartey8
85%
2020/21GhanaDaniel Amartey12
85%
2016/17GhanaDaniel Amartey24
85%
2018/19GhanaDaniel Amartey9
85%
2015/16GhanaDaniel Amartey5
85%
2015/16EnglandDanny Drinkwater35
85%
2014/15EnglandDanny Drinkwater23
85%
2016/17EnglandDanny Drinkwater29
85%
2018/19EnglandHarry Maguire31
85%
2017/18EnglandHarry Maguire38
85%
2021/22EnglandJames Maddison35
85%
2018/19EnglandJames Maddison36
85%
2019/20EnglandJames Maddison31
85%
2022/23EnglandJames Maddison30
85%
2020/21EnglandJames Maddison31
85%
2021/22BelgiumTimothy Castagne27
85%
2022/23BelgiumTimothy Castagne37
85%
2020/21BelgiumTimothy Castagne27
85%
2022/23SpainAyoze Perez8
80%
2020/21SpainAyoze Perez25
80%
2019/20SpainAyoze Perez33
80%
2021/22SpainAyoze Perez14
80%
2020/21BelgiumDennis Praet15
80%
2019/20BelgiumDennis Praet27
80%
2022/23BelgiumDennis Praet22
80%
2022/23PortugalRicardo Pereira10
80%
2018/19PortugalRicardo Pereira35
80%
2021/22PortugalRicardo Pereira14
80%
2020/21PortugalRicardo Pereira15
80%
2019/20PortugalRicardo Pereira28
80%
2021/22WalesDanny Ward1
75%
2022/23WalesDanny Ward26
75%
2017/18AlgeriaIslam Slimani12
75%
2016/17AlgeriaIslam Slimani23
75%
2020/21AlgeriaIslam Slimani1
75%
2014/15ArgentinaLeonardo Ulloa37
75%
2017/18ArgentinaLeonardo Ulloa4
75%
2016/17ArgentinaLeonardo Ulloa16
75%
2015/16ArgentinaLeonardo Ulloa29
75%
2016/17WalesAndy King23
70%
2014/15WalesAndy King24
70%
2017/18WalesAndy King11
70%
2015/16WalesAndy King25
70%
2019/20EnglandBen Chilwell27
70%
2017/18EnglandBen Chilwell24
70%
2018/19EnglandBen Chilwell36
70%
2016/17EnglandBen Chilwell12
70%
1994/95EnglandGavin Ward6
70%
2014/15GhanaJeffrey Schlupp32
70%
2016/17GhanaJeffrey Schlupp4
70%
2015/16GhanaJeffrey Schlupp24
70%
2022/23BelgiumWout Faes31
70%
2017/18EnglandHarvey Barnes3
65%
2020/21EnglandHarvey Barnes25
65%
2019/20EnglandHarvey Barnes36
65%
2018/19EnglandHarvey Barnes16
65%
2021/22EnglandHarvey Barnes32
65%
2022/23EnglandHarvey Barnes34
65%
2022/23EnglandJames Justin14
65%
2019/20EnglandJames Justin13
65%
2021/22EnglandJames Justin13
65%
2020/21EnglandJames Justin23
65%
2018/19SenegalNampalys Mendy31
65%
2019/20SenegalNampalys Mendy7
65%
2021/22SenegalNampalys Mendy14
65%
2016/17SenegalNampalys Mendy4
65%
2020/21SenegalNampalys Mendy23
65%
2022/23SenegalNampalys Mendy19
65%
2020/21FranceWesley Fofana28
65%
2022/23FranceWesley Fofana2
65%
2021/22FranceWesley Fofana7
65%
2022/23EnglandKiernan Dewsbury-Hall31
60%
2021/22EnglandKiernan Dewsbury-Hall28
60%
2014/15EnglandMatty James27
60%
2016/17EnglandMatty James1
60%
2017/18EnglandMatty James13
60%
2019/20EnglandMatty James1
60%
2014/15ArgentinaEsteban Cambiasso31
55%
2019/20EnglandLuke Thomas3
55%
2020/21EnglandLuke Thomas14
55%
2022/23EnglandLuke Thomas17
55%
2021/22EnglandLuke Thomas22
55%
2015/16BelgiumRitchie De Laet12
55%
2014/15BelgiumRitchie De Laet26
55%
2022/23BrazilTete13
55%
2014/15CroatiaAndrej Kramaric13
50%
2015/16CroatiaAndrej Kramaric2
50%
2021/22FranceBoubakary Soumare19
50%
2022/23FranceBoubakary Soumare26
50%
2022/23DenmarkDaniel Iversen12
50%
1999/00EnglandDanny Thomas3
50%
2019/20EnglandDemarai Gray21
50%
2017/18EnglandDemarai Gray35
50%
2015/16EnglandDemarai Gray12
50%
2016/17EnglandDemarai Gray30
50%
2020/21EnglandDemarai Gray1
50%
2018/19EnglandDemarai Gray34
50%
1994/95EnglandEmile Heskey1
50%
1996/97EnglandEmile Heskey35
50%
1999/00EnglandEmile Heskey23
50%
1997/98EnglandEmile Heskey35
50%
1998/99EnglandEmile Heskey30
50%
2021/22EnglandHamza Choudhury6
50%
2019/20EnglandHamza Choudhury20
50%
2020/21EnglandHamza Choudhury10
50%
2018/19EnglandHamza Choudhury9
50%
2017/18EnglandHamza Choudhury8
50%
1994/95EnglandRichard Smith12
50%
2016/17NigeriaAhmed Musa21
45%
2020/21TurkeyCengiz Under9
45%
2015/16SwitzerlandGokhan Inler5
45%
2022/23AustraliaHarry Souttar12
45%
2015/16PolandMarcin Wasilewski4
45%
2014/15PolandMarcin Wasilewski25
45%
2016/17PolandMarcin Wasilewski1
45%
2001/02WalesMatthew Jones10
45%
2000/01WalesMatthew Jones11
45%
1999/00TurkeyMuzzy Izzet32
45%
2001/02TurkeyMuzzy Izzet31
45%
1998/99TurkeyMuzzy Izzet31
45%
2000/01TurkeyMuzzy Izzet27
45%
1996/97TurkeyMuzzy Izzet35
45%
2003/04TurkeyMuzzy Izzet30
45%
1997/98TurkeyMuzzy Izzet36
45%
2018/19PortugalAdrien Silva2
40%
2017/18PortugalAdrien Silva12
40%
2014/15New ZealandChris Wood7
40%
2003/04EnglandIan Walker37
40%
2001/02EnglandIan Walker35
40%
2021/22DenmarkJannik Vestergaard10
40%
2018/19AlgeriaRachid Ghezzal19
40%
2022/23DenmarkVictor Kristiansen12
40%
2016/17SpainLuis Hernandez4
35%
2015/16EnglandNathan Dyer12
35%
2021/22EnglandRyan Bertrand4
35%
2017/18SpainVicente Iborra19
35%
2018/19SpainVicente Iborra8
35%
2016/17TunisiaYohan Benalouane11
35%
2015/16TunisiaYohan Benalouane4
35%
2017/18TunisiaYohan Benalouane1
35%
2021/22NigeriaAdemola Lookman26
30%
2018/19MaliFousseni Diabate1
30%
2017/18MaliFousseni Diabate14
30%
2003/04EnglandLes Ferdinand29
30%
2001/02ScotlandMatt Elliott31
30%
2000/01ScotlandMatt Elliott34
30%
1997/98ScotlandMatt Elliott37
30%
1998/99ScotlandMatt Elliott37
30%
2003/04ScotlandMatt Elliott7
30%
1999/00ScotlandMatt Elliott37
30%
1996/97ScotlandMatt Elliott16
30%
2016/17GermanyRon-Robert Zieler9
30%
1996/97EnglandScott Taylor25
30%
2017/18SwitzerlandEldin Jakupovic2
25%
1998/99United StatesKasey Keller36
25%
1997/98United StatesKasey Keller32
25%
1996/97United StatesKasey Keller31
25%
2000/01WalesRobbie Savage33
25%
1997/98WalesRobbie Savage35
25%
1998/99WalesRobbie Savage34
25%
2001/02WalesRobbie Savage35
25%
1999/00WalesRobbie Savage35
25%
2000/01ItalyRoberto Mancini4
25%
1996/97ScotlandStuart Wilson2
25%
1997/98ScotlandStuart Wilson11
25%
1998/99ScotlandStuart Wilson9
25%
2001/02EnglandTommy Wright1
25%
2014/15EnglandBen Hamer8
20%
2017/18EnglandBen Hamer4
20%
1998/99ScotlandCharlie Miller4
20%
2014/15EnglandDavid Nugent29
20%
1997/98EnglandIan Marshall24
20%
1998/99EnglandIan Marshall10
20%
1999/00EnglandIan Marshall21
20%
1996/97EnglandIan Marshall28
20%
1994/95WalesIwan Roberts37
20%
1996/97EnglandJulian Watts26
20%
1997/98EnglandJulian Watts3
20%
2021/22EnglandKasey McAteer1
20%
2000/01EnglandLee Marshall9
20%
2001/02EnglandLee Marshall35
20%
2003/04FranceLilian Nalis20
20%
2014/15AustraliaMark Schwarzer6
20%
1996/97Northern IrelandNeil Lennon35
20%
1999/00Northern IrelandNeil Lennon31
20%
2000/01Northern IrelandNeil Lennon15
20%
1998/99Northern IrelandNeil Lennon37
20%
1997/98Northern IrelandNeil Lennon37
20%
2003/04GreeceNikolaos Dabizas18
20%
2014/15EnglandPaul Konchesky26
20%
1997/98EnglandSteve Guppy37
20%
1998/99EnglandSteve Guppy38
20%
1999/00EnglandSteve Guppy30
20%
1996/97EnglandSteve Guppy13
20%
2000/01EnglandSteve Guppy28
20%
2003/04EnglandSteve Guppy15
20%
1994/95EnglandSteve Walsh5
20%
1997/98EnglandSteve Walsh26
20%
1999/00EnglandSteve Walsh11
20%
1998/99EnglandSteve Walsh22
20%
2000/01EnglandSteve Walsh1
20%
1996/97EnglandSteve Walsh22
20%
1999/00EnglandTim Flowers29
20%
2001/02EnglandTim Flowers4
20%
2000/01EnglandTim Flowers22
20%
2001/02NigeriaAde Akinbiyi21
15%
2000/01NigeriaAde Akinbiyi37
15%
2017/18AustriaAleksandar Dragovic11
15%
2014/15FranceAnthony Knockaert9
15%
2003/04ScotlandCallum Davidson13
15%
2000/01ScotlandCallum Davidson28
15%
2001/02ScotlandCallum Davidson30
15%
1996/97Northern IrelandColin Hill7
15%
1994/95Northern IrelandColin Hill24
15%
2014/15EnglandDean Hammond12
15%
2001/02EnglandDennis Wise17
15%
1999/00JamaicaFrank Sinclair34
15%
1998/99JamaicaFrank Sinclair31
15%
2000/01JamaicaFrank Sinclair17
15%
2003/04JamaicaFrank Sinclair14
15%
2001/02JamaicaFrank Sinclair35
15%
1997/98EnglandGarry Parker22
15%
1996/97EnglandGarry Parker31
15%
1994/95EnglandGarry Parker14
15%
1998/99EnglandGarry Parker7
15%
2001/02EnglandJames Scowcroft24
15%
2003/04EnglandJames Scowcroft35
15%
2015/16EnglandJoseph Dodoo1
15%
2001/02EnglandJunior Lewis6
15%
2000/01EnglandJunior Lewis15
15%
2021/22EnglandLewis Brunt1
15%
2022/23EnglandLewis Brunt1
15%
2014/15JamaicaLiam Moore11
15%
2003/04EnglandMarcus Bent33
15%
1994/95EnglandMark Robins17
15%
1996/97EnglandMark Robins8
15%
2014/15EnglandNick Powell3
15%
2001/02ScotlandPaul Dickov12
15%
2003/04ScotlandPaul Dickov35
15%
1998/99SwedenPontus Kaamark19
15%
1996/97SwedenPontus Kaamark10
15%
1997/98SwedenPontus Kaamark35
15%
2000/01EnglandStan Collymore5
15%
1999/00EnglandStan Collymore6
15%
1996/97EnglandSteve Claridge32
15%
1997/98EnglandSteve Claridge17
15%
1994/95EnglandSteve Thompson19
15%
1998/99ScotlandStuart Campbell12
15%
1999/00ScotlandStuart Campbell4
15%
1997/98ScotlandStuart Campbell11
15%
1996/97ScotlandStuart Campbell10
15%
2020/21South AfricaThakgalo Leshabela1
15%
1998/99EnglandTony Cottee31
15%
2000/01EnglandTony Cottee2
15%
1997/98EnglandTony Cottee19
15%
1999/00EnglandTony Cottee33
15%
2001/02EnglandAlan Rogers13
10%
2003/04EnglandAlan Rogers8
10%
1999/00EnglandAndy Impey29
10%
2003/04EnglandAndy Impey13
10%
2000/01EnglandAndy Impey33
10%
1998/99EnglandAndy Impey18
10%
2001/02EnglandAndy Impey27
10%
1998/99IcelandArnar Gunnlaugsson9
10%
1999/00IcelandArnar Gunnlaugsson2
10%
2000/01IcelandArnar Gunnlaugsson17
10%
2001/02IcelandArnar Gunnlaugsson2
10%
1994/95EnglandFranz Carr13
10%
1994/95EnglandGary Mills1
10%
2014/15EnglandGary Taylor-Fletcher1
10%
2019/20EnglandGeorge Hirst2
10%
2001/02Northern IrelandGerry Taggart1
10%
1999/00Northern IrelandGerry Taggart31
10%
1998/99Northern IrelandGerry Taggart15
10%
2000/01Northern IrelandGerry Taggart24
10%
2003/04Northern IrelandGerry Taggart9
10%
1994/95JamaicaJamie Lawrence17
10%
1996/97JamaicaJamie Lawrence15
10%
2003/04EnglandJordan Stewart25
10%
1999/00EnglandJordan Stewart1
10%
2001/02EnglandJordan Stewart12
10%
2000/01EnglandKevin Ellison1
10%
2003/04EnglandMatt Heath13
10%
2001/02EnglandMatt Heath5
10%
2014/15EnglandMatt Upson5
10%
1994/95EnglandMike Whitlow28
10%
1996/97EnglandMike Whitlow17
10%
1994/95EnglandNeil Lewis16
10%
1996/97EnglandNeil Lewis6
10%
1999/00FrancePegguy Arphexad11
10%
1997/98FrancePegguy Arphexad6
10%
1998/99FrancePegguy Arphexad4
10%
1997/98EnglandRobert Ullathorne6
10%
1998/99EnglandRobert Ullathorne25
10%
2020/21PortugalSidnei Tavares2
10%
1996/97EnglandSimon Grayson36
10%
1994/95EnglandSimon Grayson34
10%
1996/97EnglandSpencer Prior34
10%
1997/98EnglandSpencer Prior30
10%
2001/02EnglandStefan Oakes21
10%
1998/99EnglandStefan Oakes3
10%
2000/01EnglandStefan Oakes13
10%
1999/00EnglandStefan Oakes22
10%
2003/04GermanySteffen Freund14
10%
1997/98GreeceTheo Zagorakis14
10%
1998/99GreeceTheo Zagorakis19
10%
1999/00GreeceTheo Zagorakis17
10%
2014/15WalesTom Lawrence3
10%
2000/01JamaicaTrevor Benjamin21
10%
2003/04JamaicaTrevor Benjamin4
10%
2001/02JamaicaTrevor Benjamin11
10%
2003/04WalesBen Thatcher29
5%
2003/04ScotlandBilly McKinlay16
5%
1994/95IrelandBrian Carey12
5%
2003/04EnglandBrian Deane5
5%
2001/02EnglandBrian Deane15
5%
2003/04EnglandCraig Hignett13
5%
2001/02IrelandDamien Delaney3
5%
2000/01IrelandDamien Delaney5
5%
2003/04WalesDanny Coyne4
5%
1999/00EnglandDarren Eadie16
5%
2000/01EnglandDarren Eadie24
5%
1994/95EnglandDavid Lowe29
5%
1994/95EnglandDavid Oldfield14
5%
2001/02EnglandDean Sturridge9
5%
2000/01EnglandDean Sturridge13
5%
1996/97FranceFranck Rolling1
5%
2000/01EnglandGary Rowett38
5%
2001/02EnglandGary Rowett11
5%
1997/98EnglandGraham Fenton23
5%
1999/00EnglandGraham Fenton2
5%
1998/99EnglandGraham Fenton9
5%
1994/95EnglandIan Ormondroyd6
5%
2001/02DenmarkJacob Laursen10
5%
1994/95EnglandJimmy Willis29
5%
2003/04EnglandJohn Curtis15
5%
2001/02EnglandJon Ashton7
5%
2001/02EnglandJonathan Stevenson6
5%
1994/95EnglandJulian Joachim15
5%
2003/04Northern IrelandKeith Gillespie12
5%
1994/95EnglandKevin Poole36
5%
1996/97EnglandKevin Poole7
5%
1999/00EnglandLawrie Dudfield2
5%
1994/95EnglandLee Philpott23
5%
1994/95EnglandMark Blake30
5%
1994/95EnglandMark Draper39
5%
2001/02EnglandMartin Reeves5
5%
2001/02EnglandMatt Piper16
5%
1994/95ScotlandMick Galloway5
5%
1994/95EnglandNicky Mohan23
5%
2003/04EnglandPaul Brooker3
5%
2003/04ScotlandPeter Canero7
5%
1994/95EnglandPhil Gee7
5%
2000/01EnglandPhil Gilchrist12
5%
1999/00EnglandPhil Gilchrist27
5%
2003/04EnglandRiccardo Scimeca29
5%
2000/01EnglandRichard Cresswell8
5%
2019/20EnglandRyan Bennett5
5%
1994/95EnglandSam McMahon1
5%
1997/98EnglandSam McMahon1
5%
2000/01EnglandSimon Royce19
5%
1994/95EnglandSteve Agnew11
5%
2003/04EnglandSteve Howey13
5%
1999/00EnglandTommy Goodwin1
5%
2001/02EnglandTom Williamson1
5%

Score Distribution

Percentile by Number Answered

Percent of People with Each Score

Your Score History

You have not taken this quiz